[Event "Niteroi op 3rd"]
[Site "Niteroi"]
[Date "2023.09.09"]
[Round "8"]
[White "Santos, Mike Sperandio"]
[Black "Bassani, Eduardo"]
[Result "0-1"]
[WhiteElo "1655"]
[BlackElo "1875"]
[PlyCount "54"]
[EventDate "2023.09.04"]
[EventType "swiss"]
[EventRounds "9"]
[EventCountry "BRA"]
[SourceTitle "EXT 2024"]
[Source "ChessBase"]
[SourceDate "2023.10.10"]
[SourceVersion "1"]
[SourceVersionDate "2023.10.10"]
[SourceQuality "1"]

1. e4 e5 2. Nf3 Nc6 3. Bc4 Nf6 4. d3 Bc5 5. 0-0 d6 6. c3 a6 7. Bb3 Bb6 8. Nbd2 0-0 9. h3 Ne7 10. Re1 Ng6 11. Nf1 h6 12. Ng3 Be6 13. Nh2 Kh7 14. Be3 c6 15. Nf3 Bc7 16. Bc2 d5 17. exd5 cxd5 18. Nh2 Qd7 19. Nh5 Nxh5 20. Qxh5 f5 21. Nf3 Bd8 22. Ng5+ Bxg5 23. Bxg5 f4 24. Bh4 Rf5 25. Qd1 Nxh4 26. Rxe5 Rxe5 27. d4+ Rf5 0-1

[Event "Plzen Calliditas op"]
[Site "Plzen"]
[Date "2020.08.30"]
[Round "9"]
[White "Bassani, Eduardo"]
[Black "Toman, Jan1111"]
[Result "1/2-1/2"]
[WhiteElo "1957"]
[BlackElo "1724"]
[PlyCount "60"]
[EventDate "2020.08.23"]
[EventType "swiss"]
[EventRounds "9"]
[EventCountry "CZE"]
[SourceTitle "CBM 198 Extra"]
[Source "ChessBase"]
[SourceDate "2020.11.30"]
[SourceVersion "1"]
[SourceVersionDate "2020.11.30"]
[SourceQuality "1"]

1. c4 e6 2. d4 d5 3. Nf3 Nf6 4. g3 Be7 5. Bg2 dxc4 6. 0-0 0-0 7. Qc2 a6 8. Nbd2 Nc6 9. Qxc4 Bd7 10. a3 b5 11. Qc2 Rb8 12. b4 a5 13. bxa5 Nxa5 14. Bb2 Rc8 15. Bc3 c5 16. Bxa5 Qxa5 17. Nb3 Qa4 18. dxc5 Bxc5 19. Qb2 Bb6 20. Rfc1 Rxc1+ 21. Rxc1 b4 22. axb4 Qxb4 23. Rb1 Rc8 24. Ne5 Ba4 25. Nd3 Qxb3 26. Qxb3 Bxb3 27. Rxb3 Nd7 28. Bf3 Bd8 29. Rb7 Rc7 30. Rxc7 Bxc7 1/2-1/2

[Event "Plzen Calliditas op"]
[Site "Plzen"]
[Date "2020.08.28"]
[Round "7"]
[White "Bassani, Eduardo"]
[Black "Langmajer, Jan"]
[Result "1-0"]
[WhiteElo "1957"]
[BlackElo "1716"]
[PlyCount "57"]
[EventDate "2020.08.23"]
[EventType "swiss"]
[EventRounds "9"]
[EventCountry "CZE"]
[SourceTitle "CBM 198 Extra"]
[Source "ChessBase"]
[SourceDate "2020.11.30"]
[SourceVersion "1"]
[SourceVersionDate "2020.11.30"]
[SourceQuality "1"]

1. d4 d5 2. c4 e6 3. Nf3 Nf6 4. g3 dxc4 5. Bg2 Nbd7 6. 0-0 Nb6 7. Qc2 Bd6 8. e4 Nfd7 9. Nbd2 0-0 10. Nxc4 Nxc4 11. Qxc4 h6 12. Rd1 c6 13. b3 Qe7 14. Bb2 e5 15. Rac1 exd4 16. Qxd4 f5 17. Qxd6 Qxd6 18. Rxd6 fxe4 19. Nd2 Nb6 20. Bxe4 Bh3 21. Nc4 Nxc4 22. bxc4 Rae8 23. f3 h5 24. Bd4 a6 25. Bf2 Re5 26. Re1 Ra5 27. Rd2 Ra4 28. c5 Rb4 29. f4 1-0

[Event "Plzen Calliditas op"]
[Site "Plzen"]
[Date "2020.08.27"]
[Round "6"]
[White "Hajek, Jindrich"]
[Black "Bassani, Eduardo"]
[Result "0-1"]
[WhiteElo "1664"]
[BlackElo "1957"]
[PlyCount "80"]
[EventDate "2020.08.23"]
[EventType "swiss"]
[EventRounds "9"]
[EventCountry "CZE"]
[SourceTitle "CBM 198 Extra"]
[Source "ChessBase"]
[SourceDate "2020.11.30"]
[SourceVersion "1"]
[SourceVersionDate "2020.11.30"]
[SourceQuality "1"]

1. e4 e5 2. Nf3 d6 3. d4 Nd7 4. Be3 Ngf6 5. Bd3 Be7 6. Nbd2 c6 7. c3 0-0 8. Qc2 a5 9. a4 Qc7 10. h3 Re8 11. 0-0 Nf8 12. Nh2 Ng6 13. Qd1 d5 14. exd5 e4 15. Be2 cxd5 16. Ng4 Nxg4 17. hxg4 Bd6 18. c4 Qd8 19. g3 f5 20. gxf5 Nh4 21. Qe1 Nxf5 22. Kg2 Bxg3 23. Bd1 Bc7 24. Rh1 Ra6 25. Bh5 g6 26. Bd1 Nxe3+ 27. Qxe3 Rf6 28. cxd5 Bf4 29. Qc3 e3 30. Nc4 Qxd5+ 31. Bf3 Qg5+ 32. Kf1 Bg3 33. Ne5 Bxe5 34. Bd5+ Kg7 35. dxe5 Rxf2+ 36. Ke1 Qxe5 37. Qxe5+ Rxe5 38. Rd1 Bg4 39. Rd4 h5 40. Bxb7 Rxb2 0-1

[Event "Brasilia Terraviva op"]
[Site "Brasilia"]
[Date "2016.04.23"]
[Round "4"]
[White "Bassani, Eduardo"]
[Black "Ribeiro, Jose Joselito"]
[Result "0-1"]
[WhiteElo "1988"]
[BlackElo "1899"]
[PlyCount "62"]
[EventDate "2016.04.21"]
[EventType "swiss"]
[EventRounds "7"]
[EventCountry "BRA"]
[SourceTitle "CBM 172 Extra"]
[Source "ChessBase"]
[SourceDate "2016.06.21"]
[SourceVersion "1"]
[SourceVersionDate "2016.06.21"]
[SourceQuality "1"]

1. e4 c5 2. d4 cxd4 3. c3 d3 4. Bxd3 Nc6 5. f4 d6 6. Nf3 Nf6 7. Qe2 e6 8. Na3 a6 9. h3 Be7 10. Be3 Qc7 11. g4 b5 12. Nc2 Bb7 13. 0-0 0-0 14. a4 d5 15. e5 Ne4 16. axb5 axb5 17. Kh2 f6 18. Ncd4 Qc8 19. Nxb5 fxe5 20. fxe5 Qb8 21. Bd4 Bf6 22. Kg2 Nxe5 23. Nxe5 Rxa1 24. Rxa1 Bxe5 25. Bxe4 dxe4 26. Ba7 e3+ 27. Kg1 Qe8 28. Qc4 Bd5 29. Qe2 Rf2 30. Qxe3 Rg2+ 31. Kf1 Qxb5+ 0-1

[Event "Brasilia Terraviva op"]
[Site "Brasilia"]
[Date "2016.04.23"]
[Round "5"]
[White "Nogueira, Claudio dos Santos"]
[Black "Bassani, Eduardo"]
[Result "0-1"]
[WhiteElo "1559"]
[BlackElo "1988"]
[PlyCount "80"]
[EventDate "2016.04.21"]
[EventType "swiss"]
[EventRounds "7"]
[EventCountry "BRA"]
[SourceTitle "CBM 172 Extra"]
[Source "ChessBase"]
[SourceDate "2016.06.21"]
[SourceVersion "1"]
[SourceVersionDate "2016.06.21"]
[SourceQuality "1"]

1. e4 e5 2. Nf3 d6 3. d4 Nd7 4. dxe5 dxe5 5. Bc4 c6 6. 0-0 Bc5 7. a3 b5 8. Ba2 Ngf6 9. b4 Be7 10. Nbd2 0-0 11. Bb2 Qc7 12. c4 Bb7 13. c5 a5 14. Qe2 axb4 15. axb4 Ra4 16. Bc3 Nh5 17. g3 Bc8 18. Nxe5 Nxg3 19. hxg3 Nxe5 20. f4 Ng4 21. Kg2 Rd8 22. e5 Bf5 23. Ne4 h5 24. Nd6 Rxa2 25. Rxa2 Be6 26. Rd2 Qa7 27. Ra1 Qd7 28. Ne4 Bd5 29. Rad1 Qe6 30. Kg1 h4 31. Nf2 Nxf2 32. Qxf2 hxg3 33. Qxg3 g6 34. Kf1 Qf5 35. Rh2 Be6 36. Ra1 Rd3 37. Ra8+ Kg7 38. Qe1 Qg4 39. Rg2 Qxf4+ 40. Kg1 Bh4 0-1

[Event "Brasilia Terraviva op"]
[Site "Brasilia"]
[Date "2016.04.21"]
[Round "2"]
[White "Bassani, Eduardo"]
[Black "Cunha, Lucas Aguiar"]
[Result "0-1"]
[WhiteElo "1988"]
[BlackElo "2313"]
[PlyCount "110"]
[EventDate "2016.04.21"]
[EventType "swiss"]
[EventRounds "7"]
[EventCountry "BRA"]
[SourceTitle "CBM 172 Extra"]
[Source "ChessBase"]
[SourceDate "2016.06.21"]
[SourceVersion "1"]
[SourceVersionDate "2016.06.21"]
[SourceQuality "1"]

1. e4 c5 2. Nf3 e6 3. Nc3 Nc6 4. g3 Nf6 5. d3 d5 6. Qe2 Be7 7. Bg2 b5 8. 0-0 b4 9. Nd1 a5 10. c3 0-0 11. Re1 dxe4 12. dxe4 Ba6 13. c4 e5 14. b3 Bc8 15. Bb2 Bg4 16. Ne3 Bxf3 17. Qxf3 a4 18. Rad1 Nd4 19. Bxd4 cxd4 20. Nd5 axb3 21. axb3 Ra3 22. Ra1 Nxd5 23. cxd5 Qb8 24. Bf1 Bg5 25. Bc4 Bd2 26. Red1 Bc3 27. Rab1 Qd6 28. Rbc1 g6 29. Rc2 f5 30. Qe2 f4 31. Qg4 f3 32. h4 h5 33. Qg5 Kg7 34. Kh2 Qf6 35. Qxf6+ Rxf6 36. Rg1 Kh6 37. Rd1 g5 38. Kh3 g4+ 39. Kh2 Rb6 40. Kg1 Kg6 41. Kh2 Kf6 42. Kg1 Ke7 43. Rdc1 Kd6 44. Kf1 Rb8 45. Rb1 Rba8 46. Kg1 Ra1 47. Rbc1 R8a3 48. Kh2 Rxc1 49. Rxc1 Ra2 50. Kg1 Re2 51. Bd3 Rd2 52. Bc4 d3 53. Kf1 Rc2 54. Rd1 d2 55. Be2 Rc1 0-1

[Event "Brasilia-ch op"]
[Site "Brasilia"]
[Date "2015.11.02"]
[Round "6"]
[White "Abrantes, Tiago Garrido"]
[Black "Bassani, Eduardo"]
[Result "1-0"]
[WhiteElo "2131"]
[BlackElo "1942"]
[PlyCount "131"]
[EventDate "2015.10.30"]
[EventType "swiss"]
[EventRounds "7"]
[EventCountry "BRA"]
[SourceTitle "CBM 169 Extra"]
[Source "ChessBase"]
[SourceDate "2015.12.18"]
[SourceVersion "1"]
[SourceVersionDate "2015.12.18"]
[SourceQuality "1"]

1. d4 d6 2. e4 Nd7 3. c4 e5 4. Nf3 Ngf6 5. Nc3 Be7 6. Be2 0-0 7. 0-0 c6 8. Re1 Re8 9. Bf1 Bf8 10. d5 Nb6 11. dxc6 bxc6 12. c5 Nbd7 13. cxd6 Nb6 14. a4 Qxd6 15. a5 Nbd7 16. Qc2 Nc5 17. Bc4 Be6 18. Rd1 Qc7 19. Bxe6 Nxe6 20. h3 Bc5 21. Ne2 Rad8 22. Rxd8 Rxd8 23. Bd2 Be7 24. Bc3 Bd6 25. a6 c5 26. Ba5 Qc6 27. Bxd8 Nxd8 28. Nc3 Ne6 29. Qa4 Qa8 30. Nb5 Bb8 31. Nd2 g6 32. Rd1 Qc6 33. Nc3 Qd6 34. Nc4 Qf8 35. Qc6 Nh5 36. Ne2 Nd4 37. Nxd4 exd4 38. e5 Nf4 39. Qe4 Ne6 40. f4 Bc7 41. g3 Qh6 42. Kg2 Kg7 43. Rd3 Qh5 44. Rf3 h6 45. g4 Qh4 46. Nd6 Ba5 47. f5 Ng5 48. f6+ Kh7 49. Qb7 Qe1 50. Nxf7 Qe2+ 51. Rf2 Qe4+ 52. Qxe4 Nxe4 53. Rf1 d3 54. Nd6 Nxd6 55. exd6 Kg8 56. Kf3 Kf7 57. Ke3 d2 58. Ke2 Bd8 59. Kxd2 g5 60. d7 Bb6 61. Kd3 Bc7 62. Kc4 Bd8 63. Kxc5 Bb6+ 64. Kc6 Ba5 65. Kb7 Bb6 66. Kc8 1-0

[Event "Brasilia Terra Viva op"]
[Site "Brasilia"]
[Date "2014.09.21"]
[Round "6"]
[White "Bassani, Eduardo"]
[Black "Oliveira, Leonardo Tadeu De A"]
[Result "0-1"]
[WhiteElo "1931"]
[BlackElo "1854"]
[PlyCount "92"]
[EventDate "2014.09.19"]
[EventType "swiss"]
[EventRounds "6"]
[EventCountry "BRA"]
[SourceTitle "CBM 162 Extra"]
[Source "ChessBase"]
[SourceDate "2014.10.17"]
[SourceVersion "1"]
[SourceVersionDate "2014.10.17"]
[SourceQuality "1"]

1. e4 e6 2. d4 d5 3. e5 c5 4. c3 Nc6 5. Nf3 Qb6 6. Na3 cxd4 7. cxd4 Bd7 8. Nc2 Nge7 9. Bd3 Nb4 10. Nxb4 Qxb4+ 11. Bd2 Qb6 12. Bc3 Nc6 13. 0-0 Be7 14. Qd2 0-0 15. Rfe1 f6 16. exf6 Bxf6 17. Bc2 Rac8 18. Rac1 a6 19. h4 Qd8 20. h5 Qe8 21. h6 g6 22. Bb3 Qd8 23. Rcd1 b5 24. a3 a5 25. Qd3 Qb6 26. Re3 a4 27. Ba2 b4 28. Be1 b3 29. Bb1 Na5 30. Re5 Nc4 31. Bc3 Bb5 32. Ng5 Nxe5 33. Qg3 Bxg5 34. Qxg5 Nf7 35. Qh4 Qd8 36. Qh3 Bd7 37. Bd2 Qf6 38. Qg3 Rc6 39. Re1 Rfc8 40. Bd3 Nd6 41. Bb4 Ne4 42. Qe3 Qg5 43. Qf3 Rc1 44. Rxc1 Rxc1+ 45. Bf1 Rxf1+ 46. Kxf1 Qc1+ 0-1

[Event "Brasilia Terra Viva op"]
[Site "Brasilia"]
[Date "2014.09.19"]
[Round "2"]
[White "Bassani, Eduardo"]
[Black "Cunha, Lucas Aguiar"]
[Result "1/2-1/2"]
[WhiteElo "1931"]
[BlackElo "2255"]
[PlyCount "86"]
[EventDate "2014.09.19"]
[EventType "swiss"]
[EventRounds "6"]
[EventCountry "BRA"]
[SourceTitle "CBM 162 Extra"]
[Source "ChessBase"]
[SourceDate "2014.10.17"]
[SourceVersion "1"]
[SourceVersionDate "2014.10.17"]
[SourceQuality "1"]

1. e4 c5 2. d4 cxd4 3. c3 Nf6 4. e5 Nd5 5. Qxd4 e6 6. Nf3 Nc6 7. Qe4 d6 8. Bb5 Bd7 9. exd6 Bxd6 10. 0-0 0-0 11. Nbd2 a6 12. Bd3 f5 13. Qe1 b5 14. a4 Rb8 15. axb5 axb5 16. Nb3 e5 17. Qd1 Nf6 18. Bc2 Qc7 19. h3 e4 20. Nfd4 Ne5 21. Bg5 Nc4 22. Rb1 Rbe8 23. Re1 Bh2+ 24. Kh1 Bf4 25. Bxf6 Rxf6 26. Nxb5 Bxb5 27. Qd5+ Qf7 28. Qxb5 Rb8 29. Qc5 Rfb6 30. Nd4 Nd2 31. Ra1 Rxb2 32. Ra7 Bd6 33. Qxd6 Qxa7 34. Nc6 Qxf2 35. Rd1 Re8 36. Rxd2 Qf1+ 37. Kh2 e3 38. Qd7 Rf8 39. Qe6+ Kh8 40. Qxe3 Qc4 41. Bd3 Qxc3 42. Rxb2 Qxb2 43. Bxf5 Qf6 1/2-1/2

[Event "Brasilia Terra Viva op"]
[Site "Brasilia"]
[Date "2014.09.19"]
[Round "1"]
[White "Nunes Ribeiro, Carlos Affonso"]
[Black "Bassani, Eduardo"]
[Result "0-1"]
[WhiteElo "1788"]
[BlackElo "1931"]
[PlyCount "116"]
[EventDate "2014.09.19"]
[EventType "swiss"]
[EventRounds "6"]
[EventCountry "BRA"]
[SourceTitle "CBM 162 Extra"]
[Source "ChessBase"]
[SourceDate "2014.10.17"]
[SourceVersion "1"]
[SourceVersionDate "2014.10.17"]
[SourceQuality "1"]

1. d4 d6 2. e3 Nf6 3. Nf3 Bf5 4. Bb5+ c6 5. Ba4 Qa5+ 6. Nc3 Ne4 7. Bb3 e6 8. Bd2 Nxd2 9. Qxd2 d5 10. 0-0 Bd6 11. g3 Nd7 12. a3 0-0 13. Nb1 Qd8 14. Nh4 Bg6 15. Ng2 e5 16. f4 exd4 17. exd4 Nf6 18. Nc3 Re8 19. Rfe1 Qd7 20. Rxe8+ Rxe8 21. Re1 Bf5 22. Rxe8+ Qxe8 23. Qe3 Qd7 24. Nh4 Bg4 25. Nf3 Qc7 26. Ne5 Be6 27. Kg2 a6 28. h3 h5 29. Nf3 Bf5 30. Ng5 h4 31. Ne2 hxg3 32. Kxg3 Ne4+ 33. Nxe4 Bxe4 34. c4 Qe7 35. c5 Qg5+ 36. Kf2 Qg2+ 37. Ke1 Be7 38. Qg3 Qh1+ 39. Ng1 Bf6 40. Qf2 g6 41. Kf1 Bf5 42. Ke2 Qe4+ 43. Qe3 Bxd4 44. Qxe4 Bxe4 45. Nf3 Bxb2 46. a4 Ba3 47. Ne5 Bxc5 48. Nd7 Be7 49. Ke3 Bf5 50. Ne5 Bxh3 51. Bd1 Kg7 52. Bg4 Bxg4 53. Nxg4 f6 54. Kd4 Kf7 55. Nh6+ Ke6 56. Ng4 c5+ 57. Kd3 b5 58. axb5 axb5 0-1

[Event "Brasilia Oeste op"]
[Site "Brasilia"]
[Date "2012.10.14"]
[Round "7"]
[White "Bassani, Eduardo"]
[Black "Brasileiro, Antonio Carlos"]
[Result "1-0"]
[WhiteElo "1927"]
[BlackElo "1782"]
[PlyCount "69"]
[EventDate "2012.10.11"]
[EventType "swiss"]
[EventRounds "7"]
[EventCountry "BRA"]
[SourceTitle "EXT 2013"]
[Source "ChessBase"]
[SourceDate "2012.11.22"]
[SourceVersion "1"]
[SourceVersionDate "2012.11.22"]
[SourceQuality "1"]

1. e4 e5 2. Nf3 Nf6 3. d4 exd4 4. e5 Nd5 5. Bc4 Nb6 6. Bb3 Bb4+ 7. c3 dxc3 8. bxc3 Be7 9. 0-0 0-0 10. Nbd2 d6 11. Re1 d5 12. Nf1 Bg4 13. h3 Bh5 14. Ng3 Bg6 15. Nd4 Qd7 16. e6 fxe6 17. Nxe6 Rf7 18. Nf4 c6 19. Nxg6 hxg6 20. Qd3 Qd6 21. Bc2 Rf6 22. Bg5 Re6 23. Rxe6 Qxe6 24. Bxe7 Qxe7 25. Qxg6 Qf7 26. Qh7+ Kf8 27. Re1 N8d7 28. Re3 Nf6 29. Qh8+ Qg8 30. Qh4 Qf7 31. Nf5 Nc4 32. Rf3 Re8 33. Nxg7 Kxg7 34. Qg5+ Kh8 35. Qh6+ 1-0

[Event "Brasilia Oeste op"]
[Site "Brasilia"]
[Date "2012.10.14"]
[Round "6"]
[White "Bassani, Eduardo"]
[Black "Sales de Oliveira, Allyson"]
[Result "1-0"]
[WhiteElo "1927"]
[BlackElo "1647"]
[PlyCount "31"]
[EventDate "2012.10.11"]
[EventType "swiss"]
[EventRounds "7"]
[EventCountry "BRA"]
[SourceTitle "EXT 2013"]
[Source "ChessBase"]
[SourceDate "2012.11.22"]
[SourceVersion "1"]
[SourceVersionDate "2012.11.22"]
[SourceQuality "1"]

1. e4 c5 2. Nf3 d6 3. c3 e5 4. d4 cxd4 5. cxd4 Bg4 6. dxe5 Bxf3 7. Qxf3 Qa5+ 8. Nc3 dxe5 9. Bb5+ Nd7 10. Bxd7+ Kxd7 11. Qxf7+ Be7 12. 0-0 Rf8 13. Rd1+ Kc6 14. Qe6+ Kc7 15. Nd5+ Kb8 16. Qxe5+ 1-0

[Event "Brasilia Oeste op"]
[Site "Brasilia"]
[Date "2012.10.13"]
[Round "4"]
[White "Bassani, Eduardo"]
[Black "De Paula, Guilherme Bueno"]
[Result "0-1"]
[WhiteElo "1927"]
[BlackElo "2040"]
[PlyCount "102"]
[EventDate "2012.10.11"]
[EventType "swiss"]
[EventRounds "7"]
[EventCountry "BRA"]
[SourceTitle "EXT 2013"]
[Source "ChessBase"]
[SourceDate "2012.11.22"]
[SourceVersion "1"]
[SourceVersionDate "2012.11.22"]
[SourceQuality "1"]

1. e4 d5 2. exd5 Nf6 3. c4 c6 4. d4 cxd5 5. Nc3 e6 6. Nf3 Be7 7. Bd3 dxc4 8. Bxc4 0-0 9. 0-0 Nc6 10. Re1 b6 11. d5 Na5 12. Bb5 exd5 13. Nd4 Bd7 14. Ba6 Bc8 15. Bb5 Bg4 16. Qa4 a6 17. Be2 Bxe2 18. Rxe2 b5 19. Qd1 b4 20. Na4 Ne4 21. f3 Nc5 22. a3 b3 23. Nc3 Bf6 24. Be3 Rc8 25. Bf2 Qd7 26. Rc1 g6 27. Qd2 Ne6 28. Nxe6 fxe6 29. Rce1 Rc6 30. Ne4 Bd8 31. Nc5 Rxc5 32. Bxc5 Re8 33. Qh6 Be7 34. Bd4 Bf8 35. Qh3 Nc6 36. Bc3 d4 37. Bd2 Nd8 38. Qg4 Bg7 39. Bg5 d3 40. Rd2 Nf7 41. Be3 Ne5 42. Qe4 Rc8 43. Bd4 Rc4 44. Qa8+ Rc8 45. Qxa6 Qxd4+ 46. Kh1 Qc4 47. Qd6 Qc6 48. Qb4 Qd5 49. Qf4 Nc4 50. Rdd1 Nxb2 51. Rc1 Rf8 0-1

[Event "Brasilia Oeste op"]
[Site "Brasilia"]
[Date "2012.10.12"]
[Round "2"]
[White "Bassani, Eduardo"]
[Black "Barbosa, Edinardo Meireles"]
[Result "1-0"]
[WhiteElo "1927"]
[BlackElo "1722"]
[PlyCount "94"]
[EventDate "2012.10.11"]
[EventType "swiss"]
[EventRounds "7"]
[EventCountry "BRA"]
[SourceTitle "EXT 2013"]
[Source "ChessBase"]
[SourceDate "2012.11.22"]
[SourceVersion "1"]
[SourceVersionDate "2012.11.22"]
[SourceQuality "1"]

1. e4 c5 2. c3 e6 3. d4 cxd4 4. cxd4 Nf6 5. Nc3 Bb4 6. Bd3 Qc7 7. Bd2 a6 8. e5 Bxc3 9. Bxc3 Nd5 10. Bd2 Nc6 11. Qg4 Nxe5 12. dxe5 Qxe5+ 13. Ne2 Qxb2 14. Rb1 Qe5 15. 0-0 0-0 16. f4 Qd6 17. Qh3 f5 18. Kh1 b5 19. Bc2 Bb7 20. Bb3 Rf6 21. Qd3 Rg6 22. Rf3 Qb6 23. Rg3 Rxg3 24. Nxg3 Nf6 25. h3 Ne4 26. Kh2 Qf2 27. Be1 Qxf4 28. Qxd7 Nc5 29. Bxe6+ Kh8 30. Qe7 Qe5 31. Rc1 Qb2 32. Bd2 Qxd2 33. Rg1 Qe3 34. Nxf5 Qe5+ 35. Kh1 Nxe6 36. Nd6 Bxg2+ 37. Rxg2 Qe1+ 38. Rg1 Qc3 39. Qxe6 Qf3+ 40. Rg2 Qf1+ 41. Kh2 Qf4+ 42. Kg1 Rf8 43. Qg4 Qf1+ 44. Kh2 Qf4+ 45. Qxf4 Rxf4 46. Rc2 h6 47. Kg3 Rf6 1-0

[Event "BRA-ch Center East"]
[Site "Brazil"]
[Date "2011.06.26"]
[Round "7"]
[White "Bassani, Eduardo"]
[Black "Tratz, Leonardo Schmaedeck"]
[Result "1/2-1/2"]
[WhiteElo "1908"]
[BlackElo "1998"]
[PlyCount "127"]
[EventDate "2011.06.22"]
[EventType "swiss"]
[EventRounds "7"]
[EventCountry "BRA"]
[SourceTitle "EXT 2013"]
[Source "ChessBase"]
[SourceDate "2012.11.22"]
[SourceVersion "1"]
[SourceVersionDate "2012.11.22"]
[SourceQuality "1"]

1. c4 c6 2. e4 d5 3. cxd5 cxd5 4. exd5 Nf6 5. Nc3 Nxd5 6. Qf3 e6 7. Nxd5 Qxd5 8. Be2 Nc6 9. Qxd5 exd5 10. Bb5 Bd6 11. Nf3 0-0 12. 0-0 Ne5 13. Nxe5 Bxe5 14. d4 Bxd4 15. Rd1 Bf6 16. Rxd5 Be6 17. Rd1 Rac8 18. Be3 Bxb2 19. Rab1 Rfd8 20. Bxa7 Rxd1+ 21. Rxd1 Bxa2 22. Be2 Rc1 23. Rxc1 Bxc1 24. Kf1 f6 25. Ke1 Bb3 26. Bb5 Kf7 27. Ke2 Ke6 28. Kd3 Bb2 29. Bb6 Be5 30. g3 Kd5 31. f4 Bd6 32. h3 Bc5 33. Bd8 Bf2 34. g4 Kc5 35. Be8 Bc4+ 36. Ke4 Kd6 37. g5 fxg5 38. fxg5 b5 39. Ba5 Bc5 40. h4 b4 41. h5 b3 42. Bc3 Ke7 43. Ba4 Kf7 44. Bb2 g6 45. hxg6+ Kxg6 46. Kf4 Be7 47. Be8+ Bf7 48. Bxf7+ Kxf7 49. Kf5 Bf8 50. Kg4 Bg7 51. Ba3 b2 52. Bxb2 Bxb2 53. Kh5 Kg7 54. Kh4 Kg6 55. Kg4 Bc1 56. Kh3 Kh5 57. Kg2 Kg4 58. Kh1 Kf3 59. Kh2 Kf2 60. Kh1 Bxg5 61. Kh2 h5 62. Kh1 h4 63. Kh2 Bf4+ 64. Kh1 1/2-1/2

[Event "BRA-ch Center East"]
[Site "Brazil"]
[Date "2011.06.24"]
[Round "4"]
[White "Barbosa, Paulo Eduardo E Sil"]
[Black "Bassani, Eduardo"]
[Result "1-0"]
[WhiteElo "2267"]
[BlackElo "1908"]
[PlyCount "83"]
[EventDate "2011.06.22"]
[EventType "swiss"]
[EventRounds "7"]
[EventCountry "BRA"]
[SourceTitle "EXT 2013"]
[Source "ChessBase"]
[SourceDate "2012.11.22"]
[SourceVersion "1"]
[SourceVersionDate "2012.11.22"]
[SourceQuality "1"]

1. Nf3 d6 2. d4 Nd7 3. c4 e5 4. Nc3 Ngf6 5. e4 c6 6. Be2 Be7 7. 0-0 0-0 8. Qc2 Qc7 9. b3 b6 10. Rd1 Bb7 11. Ba3 Rfe8 12. Rd2 Bf8 13. Rad1 Rad8 14. Bf1 g6 15. g3 h5 16. Bh3 Ng4 17. dxe5 dxe5 18. Bxf8 Kxf8 19. Rd6 Ndf6 20. Rxd8 Rxd8 21. Rxd8+ Qxd8 22. c5 Ba6 23. cxb6 axb6 24. Bf1 Bxf1 25. Kxf1 Qd6 26. h3 Nh6 27. Na4 c5 28. Qd2 Qxd2 29. Nxd2 Nd7 30. Ke2 Ke7 31. Kd3 Kd6 32. Nc4+ Kc6 33. Nc3 f6 34. Nd5 Ng8 35. Nce3 b5 36. a4 bxa4 37. bxa4 Nb6 38. Nxb6 Kxb6 39. Kc4 Ne7 40. Nd5+ Nxd5 41. exd5 e4 42. a5+ 1-0

[Event "Natal Magistral 6th C"]
[Site "Natal"]
[Date "2009.02.24"]
[Round "9.3"]
[White "De Freitas, Julio Eimard"]
[Black "Bassani, Eduardo"]
[Result "1/2-1/2"]
[WhiteElo "1882"]
[BlackElo "1908"]
[PlyCount "33"]
[EventDate "2009.02.20"]
[EventType "tourn"]
[EventRounds "9"]
[EventCountry "BRA"]
[SourceTitle "EXT 2022"]
[Source "ChessBase"]
[SourceDate "2021.10.06"]
[SourceVersion "1"]
[SourceVersionDate "2021.10.06"]
[SourceQuality "1"]

1. d4 Nf6 2. c4 e6 3. Nf3 b6 4. a3 Ba6 5. e3 Be7 6. Nc3 0-0 7. b4 d5 8. Qb3 dxc4 9. Bxc4 Bxc4 10. Qxc4 c5 11. bxc5 bxc5 12. 0-0 cxd4 13. Qxd4 Nc6 14. Qa4 Rc8 15. Bb2 Qa5 16. Rad1 Qxa4 17. Nxa4 1/2-1/2

[Event "Natal Magistral 6th C"]
[Site "Natal"]
[Date "2009.02.23"]
[Round "8.4"]
[White "Bassani, Eduardo"]
[Black "Damasceno, Alecio Souza"]
[Result "1-0"]
[WhiteElo "1908"]
[BlackElo "1842"]
[PlyCount "137"]
[EventDate "2009.02.20"]
[EventType "tourn"]
[EventRounds "9"]
[EventCountry "BRA"]
[SourceTitle "EXT 2022"]
[Source "ChessBase"]
[SourceDate "2021.10.06"]
[SourceVersion "1"]
[SourceVersionDate "2021.10.06"]
[SourceQuality "1"]

1. e4 Nf6 2. e5 Nd5 3. c4 Nb6 4. d4 d6 5. f4 dxe5 6. fxe5 c5 7. d5 e6 8. Nc3 exd5 9. cxd5 c4 10. Nf3 Bb4 11. Bxc4 Qc7 12. Bb5+ N8d7 13. e6 0-0 14. exd7 Nxd7 15. 0-0 Nf6 16. Kh1 Bg4 17. Bg5 Bxc3 18. bxc3 Ne4 19. Qc1 Rac8 20. Qf4 f5 21. Qxc7 Rxc7 22. Bf4 Rxc3 23. Be5 Rc5 24. Ba4 Rfc8 25. Bd7 Rd8 26. Be6+ Kh8 27. Bd4 Rc2 28. Ne5 Nd6 29. Nxg4 fxg4 30. Bxa7 h5 31. Rf2 Rc3 32. Raf1 Kh7 33. Bd4 Rd3 34. Be5 g6 35. Bxd6 Rxd6 36. Rb2 b6 37. g3 Kh6 38. Kg2 Kg5 39. Rf4 b5 40. Rxb5 Ra6 41. Rb2 Raa3 42. Rff2 Rac3 43. Rfd2 Re3 44. d6 h4 45. gxh4+ Kf6 46. d7 Red3 47. Bxg4 g5 48. d8Q+ Rxd8 49. Rxd8 gxh4 50. h3 Kg5 51. Rf8 Rc6 52. a4 Rc3 53. Ra2 Rc6 54. a5 Ra6 55. Rf5+ Kg6 56. Rb5 Ra7 57. a6 Kf6 58. Rb7 Ra8 59. Rf7+ Kxf7 60. a7 Ke7 61. Bf3 Rg8+ 62. Kf2 Kf6 63. a8Q Rxa8 64. Rxa8 Kg5 65. Bg4 Kh6 66. Rh8+ Kg5 67. Rh5+ Kg6 68. Rxh4 Kg5 69. Rh5+ 1-0